<?xml version="1.0" encoding="UTF-8"?>
<record
    xmlns:xsi="http://www.w3.org/2001/XMLSchema-instance"
    xsi:schemaLocation="http://www.loc.gov/MARC21/slim http://www.loc.gov/standards/marcxml/schema/MARC21slim.xsd"
    xmlns="http://www.loc.gov/MARC21/slim">

  <leader>02074nam a2200337 a 4500</leader>
  <controlfield tag="001">1391846</controlfield>
  <controlfield tag="003">OSt</controlfield>
  <controlfield tag="005">20230427170507.0</controlfield>
  <controlfield tag="008">140329s2001    ck     gr     00011 spa d</controlfield>
  <datafield tag="020" ind1=" " ind2=" ">
    <subfield code="a">9588089190</subfield>
  </datafield>
  <datafield tag="040" ind1=" " ind2=" ">
    <subfield code="c">CO-MqBPB</subfield>
  </datafield>
  <datafield tag="082" ind1="0" ind2="4">
    <subfield code="a">AN</subfield>
    <subfield code="b">VARj</subfield>
  </datafield>
  <datafield tag="100" ind1="1" ind2=" ">
    <subfield code="a">Vargas Llosa, Jorge Mario Pedro, </subfield>
    <subfield code="d">1936-</subfield>
  </datafield>
  <datafield tag="245" ind1="1" ind2="4">
    <subfield code="a">Los jefes : </subfield>
    <subfield code="b">los cachorros / </subfield>
    <subfield code="c">Mario Vargas Llosa.</subfield>
  </datafield>
  <datafield tag="260" ind1=" " ind2=" ">
    <subfield code="a">Bogot&#xE1; : </subfield>
    <subfield code="b">Casa Editorial El Tiempo, </subfield>
    <subfield code="c">2001.</subfield>
  </datafield>
  <datafield tag="300" ind1=" " ind2=" ">
    <subfield code="a">189 p&#xE1;ginas ; </subfield>
    <subfield code="c">21 cm,</subfield>
    <subfield code="b">Tapa R&#xFA;stica.</subfield>
  </datafield>
  <datafield tag="490" ind1="1" ind2=" ">
    <subfield code="a">Biblioteca El Tiempo ; </subfield>
    <subfield code="v">5</subfield>
  </datafield>
  <datafield tag="500" ind1=" " ind2=" ">
    <subfield code="a">Los Jefes y Los Cachorros sirvieron como antecedente, para la construcci&#xF3;n de las obras maestras de Vargas Llosa. Muchos de los elementos t&#xE9;cnicos y narrativos que caracterizan la prosa del gran escritor peruano ya aparecen en estas primeras piezas breves: el espacio exterior, por ejemplo, que tiende a ser reducido y opresivo, describe un universo carente de equilibrio o armon&#xED;a que en demasiadas ocasiones conduce a la frustraci&#xF3;n.
Ese espacio obliga a los personajes &#x2014; adolescentes sobre todo&#x2014; a ofrecer una m&#xE1;scara, fruto de la acomodaci&#xF3;n a las normas sociales, que impide la autenticidad. Sin embargo, en un nivel m&#xE1;s intimo, aflora la cara m&#xE1;s sincera, la verdad de las existencias individuales, que choca con la otra superficie y crea una tensi&#xF3;n insoportable. De este modo, tanto las peque&#xF1;as historias que aparecen en Los Jefes como la novela corta Los Cachorros nos introducen en el mundo sugestivo que Vargas Llosa ha sabido crear y desarrollar desde hace casi medio siglo y que lo ha colocado en la cima m&#xE1;s alta de la literatura de nuestro tiempo.</subfield>
  </datafield>
  <datafield tag="505" ind1="0" ind2=" ">
    <subfield code="a">El desaf&#xED;o -- El hermano menor -- D&#xED;a domingo -- Un visitante -- El abuelo</subfield>
  </datafield>
  <datafield tag="650" ind1=" " ind2=" ">
    <subfield code="a">Cuentos peruanos.</subfield>
  </datafield>
  <datafield tag="650" ind1=" " ind2="4">
    <subfield code="a">Huelgas estudiantiles</subfield>
    <subfield code="v"> Novela.</subfield>
  </datafield>
  <datafield tag="650" ind1=" " ind2="4">
    <subfield code="a">Novela peruana.</subfield>
  </datafield>
  <datafield tag="740" ind1="4" ind2=" ">
    <subfield code="a">Los cachorros.</subfield>
  </datafield>
  <datafield tag="740" ind1="3" ind2=" ">
    <subfield code="a">El desaf&#xED;o.</subfield>
  </datafield>
  <datafield tag="740" ind1="3" ind2=" ">
    <subfield code="a">El hermano menor.</subfield>
  </datafield>
  <datafield tag="740" ind1="0" ind2=" ">
    <subfield code="a">D&#xED;a domingo.</subfield>
  </datafield>
  <datafield tag="740" ind1="0" ind2=" ">
    <subfield code="a">Un visitante.</subfield>
  </datafield>
  <datafield tag="740" ind1="3" ind2=" ">
    <subfield code="a">El abuelo.</subfield>
  </datafield>
  <datafield tag="942" ind1=" " ind2=" ">
    <subfield code="2">ddc</subfield>
    <subfield code="c">BKLIT</subfield>
  </datafield>
  <datafield tag="949" ind1=" " ind2=" ">
    <subfield code="a">n      </subfield>
    <subfield code="b">n</subfield>
  </datafield>
  <datafield tag="999" ind1=" " ind2=" ">
    <subfield code="c">14899</subfield>
    <subfield code="d">14899</subfield>
  </datafield>
  <datafield tag="952" ind1=" " ind2=" ">
    <subfield code="0">0</subfield>
    <subfield code="1">0</subfield>
    <subfield code="2">ddc</subfield>
    <subfield code="4">0</subfield>
    <subfield code="7">0</subfield>
    <subfield code="8">LA</subfield>
    <subfield code="a">BPMOS</subfield>
    <subfield code="b">BPMOS</subfield>
    <subfield code="c">FIC</subfield>
    <subfield code="d">2023-04-27</subfield>
    <subfield code="e">Donaci&#xF3;n</subfield>
    <subfield code="l">3</subfield>
    <subfield code="o">AN VARj</subfield>
    <subfield code="p">MOS503136</subfield>
    <subfield code="r">2026-04-22</subfield>
    <subfield code="s">2024-08-23</subfield>
    <subfield code="t">Ej. 1</subfield>
    <subfield code="w">2023-04-27</subfield>
    <subfield code="y">BKLIT</subfield>
    <subfield code="z">Quince d&#xED;as</subfield>
  </datafield>
</record>
